000 00523nam a22001937a 4500
003 MPLRDC
005 20220104124530.0
008 210129b ||||| |||| 00| 0 eng d
020 _a7-5301-0368-7
082 _a859.3 ZY v.3
100 _a中原、丁大华主编
245 _a第四个傻瓜: 著名寓言故事精选
_c
250 _a一版一刷
260 _a
_b北京少年儿童出版社
_c1992
300 _b
490 _a小学生拼音宝库之三
650 _a儿童寓言
942 _cBK
_o859.3 ZY v.3
999 _c20087
_d20077